000 00680nam a2200229Ia 4500
003 OSt
005 20250305151227.0
008 210210b2004 xxu||||| |||| 00| 0 eng d
040 _cAL
041 _aKannada
082 _aK894.1 VIVR
100 _aVIVEKA RAI (B A) Ed
_9142735
_dವಿವೇಕ ರೈ (ಬಿ ಎ)
245 _aRaghavankana samagra kavya
_bರಾಘವಾಂಕನ ಸಮಗ್ರ ಕಾವ್ಯ
260 _aHampi
_bPrasaranga Kannada Vishvavidyalaya
_c2004
300 _aix,421
650 _asamagra
_9142736
650 _aRaghavankana
_9142737
650 _akavya
_9142738
690 _aKannada Poetry
_9142739
906 _a065351
942 _2ddc
_cBK
999 _c142554
_d142554